000 00831cam a2200241 a 4500
001 11884849
005 20180221084917.0
008 000110s2001 nyua b 001 0 eng
010 _a 00021608
020 _a032103788X
040 _aDLC
_cDLC
_dDLC
041 _aeng
043 _an-us---
080 _a028.55 NIL
082 0 0 _a028.55 NIL
_221
100 1 _a21
101 _aGJL
245 1 0 _aLiterature for today's young adults /
_cAlleen Pace Nilsen, Kenneth L. Donelson.
504 _aIncludes bibliographical references and index
906 _a7
_bcbc
_corignew
_d1
_eocip
_f20
_gy-gencatlg
942 _2ddc
_cBK
999 _c43072
_d43072